[Event "ch-RUS Rapid"]
[Site "Olginka RUS"]
[Date "2011.04.26"]
[Round "9"]
[White "Frolyanov, Dmitry"]
[Black "Lintchevski, Daniil"]
[Result "1/2-1/2"]
[WhiteTitle "GM"]
[BlackTitle "GM"]
[WhiteElo "2610"]
[BlackElo "2539"]
[WhiteFideId "4151976"]
[BlackFideId "4171055"]
[EventDate "2011.04.25"]

1. e4 c6 2. d4 d5 3. exd5 cxd5 4. c4 Nf6 5. Nc3 g6 6. Qb3 Bg7 7. cxd5 O-O 8. Be2
Nbd7 9. Bf3 Nb6 10. Nge2 Bf5 11. O-O Bd3 12. Rd1 Bc4 13. Qc2 Nfxd5 14. Nf4 Rc8
15. Nd3 Nxc3 16. bxc3 Bd5 17. Bg4 e6 18. Nc5 Nd7 19. Ba3 Nxc5 20. Bxc5 Qg5 21.
Bh3 Rfd8 22. Bxa7 Rc6 23. Bc5 b6 24. Bb4 Rdc8 25. Qe2 h5 26. g3 Bf8 27. Bg2 Bxb4
28. cxb4 Rc2 29. Qe5 Qxe5 30. dxe5 Bxg2 31. Kxg2 Rb2 32. Rdb1 Re2 33. Re1 Rb2
34. Reb1 Re2 35. Rc1 Rxc1 36. Rxc1 Rxa2 37. Rc6 Re2 38. Rxb6 Rxe5 1/2-1/2

[Event "ch-RUS Rapid"]
[Site "Olginka RUS"]
[Date "2011.04.26"]
[Round "10"]
[White "Vitiugov, Nikita"]
[Black "Nepomniachtchi, Ian"]
[Result "1/2-1/2"]
[WhiteTitle "GM"]
[BlackTitle "GM"]
[WhiteElo "2720"]
[BlackElo "2729"]
[WhiteFideId "4152956"]
[BlackFideId "4168119"]
[EventDate "2011.04.25"]

1. d4 g6 2. e4 Bg7 3. c4 d6 4. Nc3 e5 5. dxe5 dxe5 6. Qxd8+ Kxd8 7. f4 Be6 8.
Nf3 Nd7 9. Be3 h6 10. O-O-O Kc8 11. fxe5 Ne7 12. Nd5 Nc6 13. Nf4 Ndxe5 14. Nxe6
fxe6 15. Nxe5 Nxe5 16. Be2 b6 17. c5 Kb7 18. Rhf1 1/2-1/2

[Event "ch-RUS Rapid"]
[Site "Olginka RUS"]
[Date "2011.04.26"]
[Round "10"]
[White "Riazantsev, Alexander"]
[Black "Sjugirov, Sanan"]
[Result "0-1"]
[WhiteTitle "GM"]
[BlackTitle "GM"]
[WhiteElo "2679"]
[BlackElo "2643"]
[WhiteFideId "4125029"]
[BlackFideId "4189302"]
[EventDate "2011.04.25"]

1. d4 Nf6 2. c4 g6 3. Nc3 Bg7 4. e4 d6 5. h3 O-O 6. Nf3 e5 7. d5 Nh5 8. Nh2 Qe8
9. Be2 Nf4 10. Bf3 f5 11. g3 Nxh3 12. Bg2 fxe4 13. Nxe4 Bf5 14. Rf1 Na6 15. f3
h5 16. Be3 b5 17. Qe2 Rb8 18. O-O-O Nb4 19. cxb5 Nxa2+ 20. Kb1 Nb4 21. Rh1 Qxb5
22. Qxb5 Rxb5 23. Nf1 Bxe4+ 24. fxe4 Nf2 25. Bxf2 Rxf2 26. Rd2 Nd3 27. Rxf2 Nxf2
28. Rh2 Rb4 29. Nd2 Bh6 30. Bf3 Nd3 31. Nf1 Bc1 32. Kc2 Ne1+ 33. Kxc1 Nxf3 34.
Rc2 Rxe4 35. Rf2 Re1+ 36. Kc2 Nd4+ 37. Kc3 Re2 38. Rxe2 Nxe2+ 39. Kc4 Kf7 40.
Kb5 Ke7 41. Kc6 Kd8 42. Kb7 g5 43. Kxa7 h4 44. gxh4 gxh4 0-1

[Event "ch-RUS Rapid"]
[Site "Olginka RUS"]
[Date "2011.04.26"]
[Round "10"]
[White "Matlakov, Maxim"]
[Black "Grachev, Boris"]
[Result "1-0"]
[WhiteTitle "GM"]
[BlackTitle "GM"]
[WhiteElo "2625"]
[BlackElo "2675"]
[WhiteFideId "4168003"]
[BlackFideId "4129199"]
[EventDate "2011.04.25"]

1. c4 e6 2. d4 d5 3. Nf3 Nf6 4. Nc3 Be7 5. Bg5 h6 6. Bh4 O-O 7. e3 b6 8. Bd3
dxc4 9. Bxc4 Bb7 10. O-O a6 11. Qe2 Nbd7 12. Rfd1 Ne4 13. Bg3 Nxc3 14. bxc3 Bd6
15. a4 Qe7 16. e4 Bxg3 17. hxg3 Rfd8 18. Qe3 Nf6 19. Bd3 c5 20. Qf4 cxd4 21.
cxd4 b5 22. axb5 axb5 23. g4 b4 24. g5 hxg5 25. Qxg5 Ra3 26. Qh4 Rxd3 27. Rxd3
Bxe4 28. Re3 Qb7 29. Ne5 b3 30. Rg3 Bg6 31. Nxg6 fxg6 32. Qh3 b2 33. Qxe6+ Kf8
34. Rb1 Rc8 35. Qd6+ Kf7 36. Qa3 Rc2 37. Rc3 Re2 38. Rb3 Qe4 39. R3xb2 Re1+ 40.
Rxe1 Qxe1+ 41. Kh2 Ng4+ 42. Kg3 Nh6 43. Rb7+ Kg8 44. Qf3 Qh1 45. Rb5 Kh7 46. Re5
Qa1 47. Qf4 Qd1 48. f3 Qd3 49. Kh2 Nf5 50. d5 Nh6 51. Rg5 Nf5 52. Qe4 Qd2 53.
Rxf5 gxf5 54. Qxf5+ g6 55. Qh3+ Kg7 56. Qd7+ Kf8 57. Qd6+ Kf7 58. Qe6+ Kg7 59.
Qe5+ Kf7 60. d6 Qh6+ 61. Kg3 g5 62. Qe7+ Kg8 63. Kg4 Qh1 64. Qxg5+ Kf8 65. Qe7+
Kg8 66. Kg3 Qh5 67. d7 Qg6+ 68. Kf4 1-0

[Event "ch-RUS Rapid"]
[Site "Olginka RUS"]
[Date "2011.04.26"]
[Round "10"]
[White "Inarkiev, Ernesto"]
[Black "Savchenko, Boris"]
[Result "1-0"]
[WhiteTitle "GM"]
[BlackTitle "GM"]
[WhiteElo "2674"]
[BlackElo "2616"]
[WhiteFideId "4162722"]
[BlackFideId "4147332"]
[EventDate "2011.04.25"]

1. d4 Nf6 2. c4 e6 3. Nf3 c5 4. d5 exd5 5. cxd5 d6 6. Nc3 g6 7. Bf4 a6 8. a4 Nh5
9. Bg5 Be7 10. Bh6 Bg4 11. Nd2 Ra7 12. h3 Bc8 13. e4 Bh4 14. Be2 Qf6 15. O-O Nf4
16. e5 dxe5 17. Nde4 Qd8 18. Bg7 Bxh3 19. gxh3 Qd7 20. Bg4 f5 21. Bxh8 fxg4 22.
Bxe5 Nxh3+ 23. Kh2 Ra8 24. Qe2 Kf7 25. Bg3 1-0

[Event "ch-RUS Rapid"]
[Site "Olginka RUS"]
[Date "2011.04.26"]
[Round "10"]
[White "Danin, Alexandre"]
[Black "Khismatullin, Denis"]
[Result "1/2-1/2"]
[WhiteTitle "IM"]
[BlackTitle "GM"]
[WhiteElo "2543"]
[BlackElo "2662"]
[WhiteFideId "4144031"]
[BlackFideId "4142578"]
[EventDate "2011.04.25"]

1. e4 c5 2. Nf3 d6 3. d4 cxd4 4. Nxd4 Nf6 5. Nc3 a6 6. Bg5 Nbd7 7. Qe2 h6 8. Bh4
g6 9. O-O-O e5 10. Nb3 Be7 11. f3 b5 12. Kb1 b4 13. Na4 Nb6 14. Nxb6 Qxb6 15.
Bf2 Qc7 16. Qc4 Qxc4 17. Bxc4 a5 18. Bb5+ Bd7 19. Bxd7+ Kxd7 20. Nc5+ Kc6 21.
Na4 Rab8 22. Rd2 d5 23. exd5+ Nxd5 24. Re2 f6 25. g3 Rhd8 26. Rc1 Kb5 27. c4+
bxc3 28. Nxc3+ Nxc3+ 29. Rxc3 Bb4 30. Rc1 Rd3 31. f4 Bd6 32. fxe5 Bxe5 33. Re3
Rbd8 34. Rc5+ Ka6 35. Rxd3 Rxd3 36. Be1 a4 37. Kc2 Re3 38. Kd1 Re4 39. b3 Kb6
40. Rc2 a3 41. Re2 Rd4+ 42. Rd2 Re4 43. Re2 Rg4 44. h3 Rg5 45. g4 Bb2 46. Re4
Kc6 47. Bd2 Rd5 48. Kc2 h5 49. Ra4 hxg4 50. hxg4 Kb6 51. Bb4 Rg5 52. Bd2 Rc5+
53. Kd3 Rd5+ 54. Kc2 Kc6 55. Rc4+ Kb7 56. Bc3 Bxc3 57. Kxc3 f5 58. Kb4 Rd8 59.
Kxa3 Rf8 60. gxf5 gxf5 61. Kb4 f4 62. Rc2 Kb6 63. Rf2 f3 64. Kc4 Ka5 65. a3 Rf7
66. Kd4 Kb5 67. Ke4 Ra7 68. a4+ Kb4 69. Rxf3 Rd7 70. Rg3 Rd8 71. Ke5 Rd1 72. Ke4
Rd8 73. Rd3 Re8+ 74. Kf3 Re7 75. Re3 Rd7 76. Ke2 Rh7 77. Rd3 Rh2+ 78. Ke3 Rh8
79. Kd2 Rh2+ 80. Ke3 Rh8 81. Ke4 Re8+ 82. Kf4 Re7 83. Re3 Rd7 84. Kf5 Rd8 85.
Kf6 Rd1 86. Ke7 Rd2 87. Ke6 Rd8 88. Kf5 Rd1 89. Ke5 Rd8 90. Ke4 Rd7 91. Rd3 Re7+
92. Kf3 Re8 93. Re3 Rd8 94. Ke2 Rh8 95. Rd3 Rh2+ 96. Ke3 Rh8 97. Ke4 Re8+ 98.
Kf3 Rf8+ 99. Ke2 Rh8 100. Kd2 Rh2+ 101. Kc1 Rg2 102. Re3 Rh2 103. Rd3 Rg2 104.
Rd2 Rg3 105. Re2 1/2-1/2

[Event "ch-RUS Rapid"]
[Site "Olginka RUS"]
[Date "2011.04.26"]
[Round "10"]
[White "Najer, Evgeniy"]
[Black "Bocharov, Dmitry"]
[Result "1-0"]
[WhiteTitle "GM"]
[BlackTitle "GM"]
[WhiteElo "2638"]
[BlackElo "2595"]
[WhiteFideId "4118987"]
[BlackFideId "4138716"]
[EventDate "2011.04.25"]

1. e4 c5 2. Nf3 e6 3. d4 cxd4 4. Nxd4 a6 5. Nc3 Qc7 6. Bd3 Nf6 7. O-O d6 8. f4
Nbd7 9. g4 Nc5 10. g5 Nfd7 11. Be3 b5 12. Qd2 b4 13. Nce2 Bb7 14. Ng3 g6 15.
Rae1 e5 16. Nb3 Be7 17. f5 d5 18. exd5 O-O 19. Be4 Rac8 20. Bg2 a5 21. Rf2 a4
22. Nxc5 Nxc5 23. f6 Bd6 24. Qxb4 Nd3 25. Qh4 1-0

[Event "ch-RUS Rapid"]
[Site "Olginka RUS"]
[Date "2011.04.26"]
[Round "10"]
[White "Popov, Ivan RUS"]
[Black "Papin, Vasily"]
[Result "0-1"]
[WhiteTitle "GM"]
[BlackTitle "GM"]
[WhiteElo "2613"]
[BlackElo "2569"]
[WhiteFideId "4170350"]
[BlackFideId "4143183"]
[EventDate "2011.04.25"]

1. e4 c5 2. Nf3 e6 3. d4 cxd4 4. Nxd4 a6 5. c4 Nf6 6. Nc3 Bb4 7. Qd3 Qc7 8. Be2
b6 9. Nc2 Be7 10. Qg3 d6 11. Bf4 O-O 12. O-O-O Ne8 13. e5 dxe5 14. Bxe5 Qa7 15.
Bf3 Bb7 16. Ne4 f6 17. Bxb8 Rxb8 18. Rd7 Rf7 19. Rhd1 Qa8 20. Kb1 Bc6 21. Qf4
Rc8 22. Qe3 Qb8 23. R7d3 Qe5 24. Nd4 Bb7 25. Nd2 Qxe3 26. fxe3 Bxf3 27. gxf3 e5
28. Nf5 Bf8 29. e4 g6 30. Ne3 Nd6 31. b3 b5 32. Ndf1 Nb7 33. Rd5 Bc5 34. cxb5
axb5 35. Nc2 Rfc7 36. R1d2 Kf7 37. b4 Be7 38. Rxb5 Nd6 39. Rbd5 Nc4 40. Re2 Nb6
41. Ra5 Nc4 42. Rd5 Nb6 43. Ra5 Nc4 44. Rd5 Nb6 45. Ra5 Nc4 46. Rd5 Nb6 47. Ra5
Nc4 48. Ra6 Rd7 49. Nfe3 Nd2+ 50. Kb2 Nxf3 51. Nd5 f5 52. Nb6 Rd6 53. Nxc8 Rxa6
54. b5 Ra8 55. Nxe7 Kxe7 56. Kb3 Kd6 57. Kb4 Rxa2 58. b6 Rb2+ 59. Ka5 fxe4 60.
Ka6 Kc5 61. Rxe4 Rxc2 62. Re3 Nd4 63. Rxe5+ Kd6 64. Re8 Nc6 65. b7 Ra2+ 66. Kb6
Rb2+ 67. Ka6 h5 68. Re1 Kc7 0-1

[Event "ch-RUS Rapid"]
[Site "Olginka RUS"]
[Date "2011.04.26"]
[Round "10"]
[White "Lushenkov, Mikhail"]
[Black "Tregubov, Pavel V."]
[Result "0-1"]
[WhiteTitle "IM"]
[BlackTitle "GM"]
[WhiteElo "2441"]
[BlackElo "2598"]
[WhiteFideId "4162129"]
[BlackFideId "4115341"]
[EventDate "2011.04.25"]

1. Nf3 c5 2. c4 Nc6 3. Nc3 e5 4. e3 Nf6 5. Be2 h6 6. O-O e4 7. Ne1 Bd6 8. d3
exd3 9. Nxd3 O-O 10. b3 b6 11. Bb2 Bb7 12. Bf3 Qb8 13. h3 Re8 14. Qd2 a6 15.
Rfd1 Ne7 16. Bxb7 Qxb7 17. a4 Ng6 18. Ne1 Be5 19. Nf3 Bxc3 20. Qxc3 Re6 21. Rd5
d6 22. Rad1 Rd8 23. Ba1 Qe7 24. Qb2 Rb8 25. R5d3 b5 26. axb5 axb5 27. Qa2 bxc4
28. bxc4 Ne4 29. Nd2 Ng5 30. Qa6 Nh4 31. Nf1 Ne4 32. g3 Nf3+ 33. Kg2 Ne5 34.
Bxe5 dxe5 35. Qa5 Qf6 36. f3 Rb2+ 37. Nd2 Nd6 38. Kg1 Kh7 39. Qc3 Qg6 40. g4 Rb4
41. e4 Qg5 42. Rd5 Nb7 43. Nf1 Na5 44. Rxc5 Rb3 45. Qxa5 Rxf3 46. Qd2 Qh4 47.
Qg2 Ref6 48. Rxe5 Rf2 49. Qh1 Re2 50. Qg2 Rxg2+ 51. Kxg2 Qf2+ 0-1

[Event "ch-RUS Rapid"]
[Site "Olginka RUS"]
[Date "2011.04.26"]
[Round "10"]
[White "Smagin, Sergey"]
[Black "Popov, Valerij"]
[Result "0-1"]
[WhiteTitle "GM"]
[BlackTitle "GM"]
[WhiteElo "2551"]
[BlackElo "2565"]
[WhiteFideId "4100425"]
[BlackFideId "4119410"]
[EventDate "2011.04.25"]

1. e4 c6 2. d4 d5 3. f3 Qb6 4. exd5 cxd5 5. c3 Nf6 6. Bd3 Nc6 7. Ne2 e5 8. Qb3
Qc7 9. O-O Bd6 10. dxe5 Nxe5 11. Bb5+ Nc6 12. h3 a6 13. Bd3 h6 14. Be3 O-O 15.
Nd2 Re8 16. Bb6 Qe7 17. Rae1 Be6 18. Nd4 Nxd4 19. Bxd4 Nh5 20. Bf5 Qg5 21. Bxe6
Rxe6 22. Rxe6 fxe6 23. Rf2 Bg3 24. Nf1 Bxf2+ 25. Kxf2 b5 26. g3 Rf8 27. Qd1 Nf6
28. Kg2 e5 29. Bc5 Rd8 30. h4 Qf5 31. Ne3 Qe6 32. b4 d4 33. cxd4 exd4 34. Nc2
Qxa2 35. Bxd4 Rxd4 36. Qxd4 Qxc2+ 37. Kh3 Qc4 38. Qd8+ Kf7 39. g4 Qxb4 40. g5
hxg5 41. hxg5 Qe7 42. g6+ Ke6 43. Qb6+ Kf5 44. Qxa6 Qd7 45. Kg3 Ke5 0-1

[Event "ch-RUS Rapid"]
[Site "Olginka RUS"]
[Date "2011.04.26"]
[Round "10"]
[White "Shimanov, Aleksandr"]
[Black "Alekseev, Evgeny"]
[Result "1/2-1/2"]
[WhiteTitle "GM"]
[BlackTitle "GM"]
[WhiteElo "2550"]
[BlackElo "2688"]
[WhiteFideId "4198603"]
[BlackFideId "4138147"]
[EventDate "2011.04.25"]

1. Nf3 c5 2. e3 Nf6 3. d4 d5 4. dxc5 e6 5. a3 Bxc5 6. b4 Be7 7. Bb2 O-O 8. Nbd2
b6 9. Bd3 Nbd7 10. O-O a5 11. c3 Bb7 12. Qe2 Qc7 13. Rac1 Ne5 14. Nxe5 Qxe5 15.
Nf3 Qh5 16. h3 Ne4 17. Rfd1 Nd6 18. Qf1 Rfc8 19. Nd2 Bf6 20. b5 Qh6 21. a4 Ne8 1/2-1/2

[Event "ch-RUS Rapid"]
[Site "Olginka RUS"]
[Date "2011.04.26"]
[Round "11"]
[White "Tomashevsky, Evgeny"]
[Black "Nepomniachtchi, Ian"]
[Result "1-0"]
[WhiteTitle "GM"]
[BlackTitle "GM"]
[WhiteElo "2707"]
[BlackElo "2729"]
[WhiteFideId "4147235"]
[BlackFideId "4168119"]
[EventDate "2011.04.25"]

1. d4 Nf6 2. c4 g6 3. Nc3 d5 4. Nf3 Bg7 5. Qb3 dxc4 6. Qxc4 O-O 7. e4 Nfd7 8.
Be3 Nb6 9. Qc5 Bg4 10. O-O-O N8d7 11. Qg5 Bxf3 12. gxf3 e6 13. h4 h5 14. f4 Nf6
15. Be2 Qd7 16. Rhg1 Kh8 17. d5 exd5 18. Bd4 Nh7 19. Bxg7+ Kxg7 20. Qxh5 Nf6 21.
Qg5 Qc6 22. exd5 Qc5 23. h5 Na4 24. h6+ 1-0

[Event "ch-RUS Rapid"]
[Site "Olginka RUS"]
[Date "2011.04.26"]
[Round "11"]
[White "Sjugirov, Sanan"]
[Black "Andreikin, Dmitry"]
[Result "1/2-1/2"]
[WhiteTitle "GM"]
[BlackTitle "GM"]
[WhiteElo "2643"]
[BlackElo "2686"]
[WhiteFideId "4189302"]
[BlackFideId "4158814"]
[EventDate "2011.04.25"]

1. e4 c5 2. Nf3 e6 3. d4 cxd4 4. Nxd4 a6 5. Bd3 Bc5 6. Nb3 Be7 7. O-O Nc6 8. Qg4
Bf6 9. Nc3 Nge7 10. Bg5 h5 11. Qh4 Ng6 12. Bxf6 gxf6 13. Qh3 b5 14. f4 Bb7 15.
Qe3 Qc7 16. a4 b4 17. Ne2 Rg8 18. Rf2 Nce7 19. Qc5 Qxc5 20. Nxc5 Bc8 21. f5 Ne5
22. fxe6 dxe6 23. Rxf6 N7g6 24. a5 Ke7 25. Rff1 Ra7 26. Nd4 Rc7 27. Ndb3 Kd6 28.
Nxa6 Bxa6 29. Bxa6 Rxc2 30. Rf2 Rxf2 31. Kxf2 Nf4 32. Rd1+ Kc7 33. g3 Ng4+ 34.
Kf3 Nh3 35. Rc1+ Kb8 36. Kg2 Ng5 37. Re1 h4 38. gxh4 Nxe4 39. Rxe4 Nf6+ 40. Kf3
Nxe4 41. Kxe4 Rg2 42. h3 Rxb2 1/2-1/2

[Event "ch-RUS Rapid"]
[Site "Olginka RUS"]
[Date "2011.04.26"]
[Round "11"]
[White "Khairullin, Ildar"]
[Black "Vitiugov, Nikita"]
[Result "1/2-1/2"]
[WhiteTitle "GM"]
[BlackTitle "GM"]
[WhiteElo "2634"]
[BlackElo "2720"]
[WhiteFideId "4151348"]
[BlackFideId "4152956"]
[EventDate "2011.04.25"]

1. c4 Nf6 2. Nc3 e5 3. Nf3 Nc6 4. g3 g6 5. d4 exd4 6. Nxd4 Bg7 7. Nxc6 dxc6 8.
Qxd8+ Kxd8 9. Bd2 Be6 10. e4 Re8 11. O-O-O Kc8 12. f3 Nd7 13. Be2 a5 14. Kc2 a4
15. Rhe1 Ne5 16. b3 axb3+ 17. axb3 c5 18. Ra1 Rxa1 19. Rxa1 Nc6 20. Ra8+ Kd7 21.
Rxe8 Kxe8 22. Nb5 Kd7 23. Bf4 Nd4+ 24. Nxd4 cxd4 25. c5 Kc6 26. b4 b6 27. cxb6 1/2-1/2

[Event "ch-RUS Rapid"]
[Site "Olginka RUS"]
[Date "2011.04.26"]
[Round "11"]
[White "Papin, Vasily"]
[Black "Rublevsky, Sergei"]
[Result "0-1"]
[WhiteTitle "GM"]
[BlackTitle "GM"]
[WhiteElo "2569"]
[BlackElo "2678"]
[WhiteFideId "4143183"]
[BlackFideId "4115309"]
[EventDate "2011.04.25"]

1. d4 d5 2. Nf3 Nf6 3. c4 c6 4. Qc2 dxc4 5. Qxc4 Bg4 6. Nc3 Nbd7 7. e4 Bxf3 8.
gxf3 e5 9. Be3 exd4 10. Bxd4 Bd6 11. O-O-O Qe7 12. Bh3 Ne5 13. Qb3 Nxf3 14. Bxf6
Qxf6 15. Bd7+ Kf8 16. Qxb7 Rb8 17. Qxc6 Nd4 18. Qd5 Ne2+ 19. Kc2 Rxb2+ 20. Kxb2
Qxc3+ 21. Kb1 Be5 22. Qb3 Qc7 23. Rd3 Ke7 24. Bb5 Rb8 25. Rhd1 Kf8 26. a4 Rc8
27. Qa3+ Kg8 28. R1d2 Nc3+ 29. Rxc3 Bxc3 30. Rd7 Qa5 31. Qb3 Bf6 32. Bc6 Qe1+
33. Rd1 Qxf2 34. Qb7 Rf8 35. Bd5 Qxh2 36. Rc1 Qh3 37. Rc7 Qd3+ 38. Ka2 Qd2+ 39.
Kb1 Qd1+ 40. Ka2 Qxa4+ 41. Kb1 Qd1+ 42. Rc1 Qd3+ 43. Ka2 h5 44. Rc8 Qd2+ 45. Ka3
Qb2+ 46. Ka4 Qxb7 0-1

[Event "ch-RUS Rapid"]
[Site "Olginka RUS"]
[Date "2011.04.26"]
[Round "11"]
[White "Matlakov, Maxim"]
[Black "Najer, Evgeniy"]
[Result "1/2-1/2"]
[WhiteTitle "GM"]
[BlackTitle "GM"]
[WhiteElo "2625"]
[BlackElo "2638"]
[WhiteFideId "4168003"]
[BlackFideId "4118987"]
[EventDate "2011.04.25"]

1. d4 d5 2. c4 c6 3. Nf3 Nf6 4. e3 Bg4 5. Qb3 Qb6 6. Nc3 e6 7. Nh4 Be7 8. h3 Bh5
9. g4 Bg6 10. Nxg6 hxg6 11. Bg2 g5 12. c5 Qc7 13. e4 Nxe4 14. Bxe4 dxe4 15. Nxe4
Nd7 16. Bxg5 Bxg5 17. Nxg5 Nf6 18. O-O-O Nd5 19. Qf3 Nf6 20. Kb1 O-O-O 21. Ne4
Nxe4 22. Qxe4 g5 23. Rd3 Rd5 24. Rf1 Qh2 25. Qf3 Rh7 26. Rh1 Qc7 27. Qf6 Qd8 28.
Qxd8+ Kxd8 29. Kc2 Rh6 30. Kd2 Ke7 31. b4 Rf6 32. Ke3 e5 33. Rhd1 exd4+ 34. Rxd4
Re5+ 35. Re4 Rxe4+ 36. Kxe4 Rf4+ 37. Ke3 Rxb4 38. Rd3 b6 39. Ra3 bxc5 40. Rxa7+
Ke6 41. Rc7 Rb6 42. f4 gxf4+ 43. Kxf4 f6 44. Ke3 Ra6 45. Kd3 Rxa2 46. Rxc6+ Kd5
47. Rxf6 Ra3+ 1/2-1/2

[Event "ch-RUS Rapid"]
[Site "Olginka RUS"]
[Date "2011.04.26"]
[Round "11"]
[White "Popov, Valerij"]
[Black "Riazantsev, Alexander"]
[Result "0-1"]
[WhiteTitle "GM"]
[BlackTitle "GM"]
[WhiteElo "2565"]
[BlackElo "2679"]
[WhiteFideId "4119410"]
[BlackFideId "4125029"]
[EventDate "2011.04.25"]

1. c4 e6 2. g3 d5 3. Bg2 Nf6 4. Nf3 dxc4 5. Qa4+ c6 6. Qxc4 b5 7. Qb3 Bb7 8. O-O
Nbd7 9. Nc3 Rc8 10. d3 Be7 11. Be3 a6 12. a4 O-O 13. Rfc1 b4 14. Nd1 c5 15. Qc2
Nb6 16. a5 Nbd5 17. Bd2 Nc7 18. Ne3 Nb5 19. Qd1 Nd7 20. Nc4 Bf6 21. e4 Nd4 22.
Nd6 Nxf3+ 23. Bxf3 Bxb2 24. Nxb7 Qc7 25. Nxc5 Nxc5 26. Bxb4 Bxa1 27. Bxc5 Bd4
28. Ba3 Qxa5 29. Bxf8 Rxf8 30. Rc4 Rd8 31. Kg2 g6 32. Qa4 Qb6 33. Rb4 Qa7 34.
Qa2 Rc8 35. Bg4 Rd8 36. h4 h5 37. Bxe6 fxe6 38. f4 Qd7 39. Qxa6 Bc3 40. Rb7 Qxd3 0-1

[Event "ch-RUS Rapid"]
[Site "Olginka RUS"]
[Date "2011.04.26"]
[Round "11"]
[White "Khismatullin, Denis"]
[Black "Lastin, Alexander"]
[Result "0-1"]
[WhiteTitle "GM"]
[BlackTitle "GM"]
[WhiteElo "2662"]
[BlackElo "2617"]
[WhiteFideId "4142578"]
[BlackFideId "4119240"]
[EventDate "2011.04.25"]

1. d4 Nf6 2. c4 e6 3. Nc3 Bb4 4. e3 O-O 5. Bd3 c5 6. Nf3 d5 7. O-O Nc6 8. a3 Ba5
9. Na4 cxd4 10. exd4 dxc4 11. Bxc4 Ne7 12. Qe2 Ng6 13. Nc3 Bxc3 14. bxc3 b6 15.
Bb3 Bb7 16. h3 Rc8 17. Bd2 Ne4 18. Qe3 Nxd2 19. Nxd2 Nh4 20. Ne4 Nf5 21. Qd3
Bxe4 22. Qxe4 Rxc3 23. Bc2 Qxd4 24. Rfd1 Qc5 25. Bd3 g6 26. a4 Rd8 27. Bb5 Rxd1+
28. Rxd1 Rc2 29. Qf3 Kg7 30. g3 Nd4 0-1

[Event "ch-RUS Rapid"]
[Site "Olginka RUS"]
[Date "2011.04.26"]
[Round "11"]
[White "Tregubov, Pavel V."]
[Black "Grachev, Boris"]
[Result "1/2-1/2"]
[WhiteTitle "GM"]
[BlackTitle "GM"]
[WhiteElo "2598"]
[BlackElo "2675"]
[WhiteFideId "4115341"]
[BlackFideId "4129199"]
[EventDate "2011.04.25"]

1. d4 d5 2. c4 c6 3. Nf3 Nf6 4. e3 Bf5 5. Nc3 e6 6. Nh4 Be4 7. f3 Bg6 8. Qb3 Qc7
9. Bd2 Be7 10. Nxg6 hxg6 11. cxd5 cxd5 12. O-O-O Nc6 13. Kb1 O-O 14. Rc1 Rfc8
15. Qd1 e5 16. Be1 exd4 17. exd4 Qf4 18. Bf2 Bb4 19. g3 Qd6 20. Bh3 Re8 21. Na4
Re7 22. Qd3 Rae8 23. Rhd1 Nd7 24. a3 Ba5 25. Nc5 Nxc5 26. dxc5 Qf6 27. f4 g5 28.
Qf5 Qxf5+ 29. Bxf5 gxf4 30. gxf4 Bc7 31. Bg3 d4 32. b4 a6 33. Rd3 Re3 34. Rcd1
Na7 35. Kb2 Bd8 36. Kb3 Bf6 37. a4 Nc6 38. b5 axb5 39. axb5 Ne7 40. Bd7 Ra8 41.
c6 bxc6 42. bxc6 Rb8+ 43. Ka4 Nd5 44. Rxe3 Nxe3 45. Rd3 Nd5 46. f5 Rb4+ 47. Ka5
Bd8+ 48. c7 Bxc7+ 49. Bxc7 Rb7 50. Rxd4 Nxc7 51. Bc6 Rb8 52. Rd7 Ne8 53. Bd5 Nf6
54. Bxf7+ Kh7 55. Rd3 Kh6 56. Be6 Ne4 57. Rd4 Nf6 58. Rd3 Ne4 59. Rd4 1/2-1/2

[Event "ch-RUS Rapid"]
[Site "Olginka RUS"]
[Date "2011.04.26"]
[Round "11"]
[White "Romanov, Evgeny"]
[Black "Chadaev, Nikolai"]
[Result "0-1"]
[WhiteTitle "GM"]
[BlackTitle "GM"]
[WhiteElo "2624"]
[BlackElo "2573"]
[WhiteFideId "4148843"]
[BlackFideId "4167392"]
[EventDate "2011.04.25"]

1. c4 g6 2. d4 Bg7 3. e4 c5 4. d5 d6 5. Nc3 Nf6 6. Bd3 O-O 7. Nge2 Na6 8. O-O
Nc7 9. f4 a6 10. a4 b6 11. Ng3 Rb8 12. Kh1 Bd7 13. e5 Nfe8 14. Qe2 e6 15. Bd2 b5
16. axb5 axb5 17. Rab1 bxc4 18. Bxc4 exd5 19. Nxd5 Nxd5 20. Bxd5 dxe5 21. Qf3
Nc7 22. Bc4 Be6 23. Bxe6 Nxe6 24. Rfd1 Nd4 25. Qf1 exf4 26. Bxf4 Rb4 27. Ne4 Qd5
28. Nf2 Rb3 29. Ng4 h5 30. Ne3 Qe4 31. Re1 Ne6 0-1

[Event "ch-RUS Rapid"]
[Site "Olginka RUS"]
[Date "2011.04.26"]
[Round "11"]
[White "Kryakvin, Dmitry"]
[Black "Savchenko, Boris"]
[Result "1-0"]
[WhiteTitle "GM"]
[BlackTitle "GM"]
[WhiteElo "2573"]
[BlackElo "2616"]
[WhiteFideId "4153278"]
[BlackFideId "4147332"]
[EventDate "2011.04.25"]

1. d4 Nf6 2. c4 e6 3. Nf3 b6 4. Nc3 Bb7 5. a3 d5 6. cxd5 Nxd5 7. Qc2 c5 8. e4
Nxc3 9. bxc3 Nc6 10. Bd3 Rc8 11. Qe2 cxd4 12. cxd4 g5 13. Bxg5 Nxd4 14. Bxd8
Nxe2 15. Bf6 Bc5 16. Bb5+ Kf8 17. Bxh8 Nf4 18. O-O a6 19. Be5 1-0

[Event "ch-RUS Rapid"]
[Site "Olginka RUS"]
[Date "2011.04.26"]
[Round "11"]
[White "Bocharov, Dmitry"]
[Black "Nakhapetiane, Pogos"]
[Result "1-0"]
[WhiteTitle "GM"]
[BlackTitle "FM"]
[WhiteElo "2595"]
[BlackElo "2495"]
[WhiteFideId "4138716"]
[BlackFideId "4166728"]
[EventDate "2011.04.25"]

1. d4 Nf6 2. c4 e6 3. Nc3 Bb4 4. e3 O-O 5. Bd3 d5 6. cxd5 exd5 7. Ne2 c5 8. O-O
Nc6 9. a3 cxd4 10. exd4 Be7 11. Be3 b6 12. h3 Bb7 13. Ng3 g6 14. f4 Qd7 15. f5
Rac8 16. Qf3 Na5 17. Rae1 Nc4 18. Bg5 Bd8 19. Nd1 Ne4 20. Bxd8 Rfxd8 21. Bxc4
Rxc4 22. fxg6 hxg6 23. Ne3 Rxd4 24. Nef5 Rd2 25. Nh6+ Kg7 26. Nxf7 Nxg3 27. Qxg3
d4 28. Nxd8 Qxd8 29. Qe5+ Kh6 30. Qf4+ Qg5 31. Qf8+ Kh5 32. Qh8+ Qh6 33. Re5+ g5
34. Rxg5+ Kxg5 35. Qe5+ 1-0

[Event "ch-RUS Rapid"]
[Site "Olginka RUS"]
[Date "2011.04.26"]
[Round "11"]
[White "Alekseev, Evgeny"]
[Black "Smagin, Sergey"]
[Result "1-0"]
[WhiteTitle "GM"]
[BlackTitle "GM"]
[WhiteElo "2688"]
[BlackElo "2551"]
[WhiteFideId "4138147"]
[BlackFideId "4100425"]
[EventDate "2011.04.25"]

1. e4 d5 2. exd5 Nf6 3. Nf3 Nxd5 4. d4 g6 5. c4 Nb6 6. Nc3 Bg7 7. c5 Nd5 8. Bc4
c6 9. O-O O-O 10. Re1 e6 11. Bg5 f6 12. Bh4 b6 13. Bg3 Kh8 14. Bd6 Rf7 15. Qb3
Qd7 16. Re2 Bf8 17. Bg3 Ba6 18. Rae1 Bxc4 19. Qxc4 bxc5 20. dxc5 Re7 21. Bd6
Nxc3 22. Qxc3 e5 23. Bxe7 Qxe7 24. Nxe5 fxe5 25. Rxe5 Qg7 26. Re8 Qxc3 27. bxc3
Kg7 28. Rb1 1-0